| 000 | 00538nam a22001817a 4500 | ||
|---|---|---|---|
| 005 | 20231030135534.0 | ||
| 008 | 231030b |||||||| |||| 00| 0 eng d | ||
| 020 | _a0409050113 | ||
| 041 | _aEnglish | ||
| 082 | _a347.1 RAN | ||
| 100 |
_aSampson, DH _lEnglish |
||
| 245 |
_aRandell and Bax The South African Attorneys Handbook / _cDH Sampson |
||
| 250 | _aThird Edition | ||
| 260 |
_aDurban : _bButterworths, _c1983 |
||
| 300 |
_bxxv, 345 pages ; _c25 cm. |
||
| 650 |
_alegal practice _bLaw |
||
| 942 |
_cBK _6ALISON_BN_VRIES |
||
| 999 |
_c152 _d152 |
||